Music Quiz

Random Music or Artist Quiz
Score 0/28 Timer 07:00
0 Plays Today
% Correct
Hotel California
96.1%
A Day at the Races
89.8%
The Song Remains the Same
89%
Fly Lilke an Eagle
87.4%
Songs in the Key of Life
87.4%
Wings Over America
85.8%
NIght Moves
85%
Rastaman Vibration
84.3%
2112
81.9%
Sun Sessions
76.4%
Year of the Cat
71.7%
Station to Station
65.4%
The Pretender
64.6%
Gimme Back My Bullets
62.2%
% Correct
Presence
61.4%
Black and Blue
61.4%
Desire
56.7%
Rocks
56.7%
A Trick of the Tail
55.1%
Arrival
51.2%
A New World Record
49.6%
The Royal Scam
48.8%
Turnstiles
44.1%
Too Old to Rock 'n' Roll: Too Young to Die
40.2%
A Night on the Town
39.4%
Blue Moves
38.6%
Thirty Three & One Third
37%
Hasten Down the Wind
26%
Remove Ads.
Support Sporcle.
Get the best of Sporcle when you Go Orange. This ad-free experience offers more features, more stats, and more fun while also helping to support Sporcle. Thank you for becoming a member.

You're not logged in!

Compare scores with friends on all Sporcle quizzes.
OR
Log In

Show Comments

Extras

Top Quizzes Today


Score Distribution

Your Account Isn't Verified!

In order to create a playlist on Sporcle, you need to verify the email address you used during registration. Go to your Sporcle Settings to finish the process.

Report this User

Report this user for behavior that violates our Community Guidelines.

Details: